Petrokimya sanayii özel ihtisas komisyonu raporu (Record no. 2321)

MARC details
000 -BAŞLIK
Sabit Uzunlukta Kontrol Alanı 00919na a2200301 4500
001 - KONTROL NUMARASI
Denetim Alanı 17792
003 - KONTROL NUMARASI IDENTIFIER
Denetim Alanı MIRAKIL
005 - SON İŞLEM TARİHİ VE ZAMANI
Denetim Alanı 20181213154853.0
008 - SABİT-BOY VERİ ELEMANLARI - GENEL BİLGİLER
Sabit Uzunlukta Kontrol Alanı 161104b tu 000 0
020 ## - ULUSLARARASI STANDART KİTAP NUMARASI
Uluslararası Standart Kitap Numarası 9751926440
040 ## - KATALOGLAMA KAYNAK
Orijinal Kataloglama Ajansı Milas
Kataloglama Dili tur
Metne Dönüştürmek Ajansı TR-AnCHP
041 ## - DİL KODU
Metin / Ses Parça Veya Ayrı Başlığın Dil Kodu tur
082 ## - DEWEY ONLU SINIFLANDIRMA NUMARASI
Sınıflandırma Numarası 338.9547
Ürün Numarası P37 2001
090 ## - SINIFLAMA NUMARASI
Sınıflama Numarası 338.9547 P37 2001
245 ## - BAŞLIK TABLOSU
Başlık Petrokimya sanayii özel ihtisas komisyonu raporu
Sorumluluk Tablosu, Vb Devlet Planlama Teşkilatı
246 ## - UNVAN FORM VARYING
Başlık Doğru / Kısa Başlığı Petrokimya sanayii
260 ## - YAYIN, DAĞITIM, VB
Yayın, Dağıtım, Vb Yeri Ankara
Yayıncı, Dağıtıcı, Vs Adı DPT
Yayın, Dağıtım, Vb Tarihi 2001
300 ## - FİZİKSEL TANIM
Kapsam 385 s.
Diğer Fiziksel Ayrıntıları tbl.
Boyutlar 27 sm.
440 ## - SERİSİ TABLOSU / KATMA GİRİŞİ - BAŞLIK
Başlık DPT
Hacim / Ardışık Tanımı 2563
490 ## - SERİSİ TABLOSU
Seri Beyanı ÖİK
Hacim / Ardışık Tanımı 579
610 ## - KONU KATMA GİRİŞ - TOPLANTI ADI
Giriş Elemanı Olarak Kurumsal Ad Veya Yargı Alanı Adı Devlet Planlama Teşkilatı (DPT)
650 ## - KONU KATMA GİRİŞ - TOPİKAL DÖNEM
Topikal Süreli Veya Coğrafi Ad Giriş Elemanı Petrokimya
Genel Alt Bölümü Kalkınma planı, 2001
Kronolojik Alt Bölümü Raporlar
651 ## - KONU KATMA GİRİŞ - COĞRAFİ ADI
Coğrafi İsim Türkiye
Genel Alt Bölümü Beş yıllık kalkınma planları
710 ## - KATMA GİRİŞ - KURUMSAL ADI
Giriş Elemanı Olarak Kurumsal Ad Veya Yargı Alanı Adı Devlet Planlama Teşkilatı (DPT)
740 ## - KATMA GİRİŞ - KONTROLSUZ İLGİLİ / ANALİTİK BAŞLIK
Kontrol Edilmeyen / İlgili Analitik Başlıktaki Petrokimya sanayii
830 ## - SERİSİ EKLENDİ GİRİŞ - ÜNİFORM ADI
Üniforma Başlık Devlet Planlama Teşkilatı Yayınları
942 ## - EKLENDİ GİRİŞ ELEMANLARI (KOHA)
Sınıflandırma Veya Raf Düzeni Kaynak Dewey Decimal Classification
Koha Öğesi Türü Books
999 ## - SİSTEM KONTROL NUMARALARI (KOHA)
Koha Biblionumber 2321
Koha Biblioitemnumber 2321
Holdings
Kalıcı Konum Mevcut Konum Edinme Tarihi Edinim Kaynak Toplam Check-Out'Lar Tam Çağrı Numarası Barkod Tarih Son Görülme İtibaren Geçerli Fiyatlar Koha Öğesi Türü
CHP Kütüphanesi CHP Kütüphanesi 11/04/2016 Bağış   338.9547 P37 2001 008345 11/04/2016 11/04/2016 Books